000 00447nam a22001697i 4500
001 3431
003 OSt
005 20170126082318.0
007 tu
008 161220s1997 xxu||||| |||| 00| 0 d
024 7 _a3430
_2RID
040 _cOSt
100 1 _aWolfmayr-Schnitzer, Yvonne
245 0 0 _aThe Competitiveness of Transition Countries
260 _aWien :
_bÖsterreichisches Institut für Wirtschaftsforschung (WIFO),
_c1997.
300 _a193 S. ;
_c30cm.
942 _cB
999 _c3381
_d3381